Statistics for Countries With The Most African Ancestry

Click here to take the quiz!

General Stats

  • This quiz has been taken 67 times
  • The average score is 16 of 20

Answer Stats

Pop.%Country% Correct
89,4 mil43.2Brazil
98%
3,3 mil4.9United Kingdom
98%
46,3 mil14.7United States
98%
783,7702.9Canada
94%
5,7 mil8.4France
94%
9,4 mil18.1Colombia
91%
1,6 mil2.2Italy
91%
7,2 mil64.1Cuba
89%
505,4001.3Spain
89%
8,7 mil98.8Haiti
87%
8,6 mil91.5Dominican Republic
85%
2,7 mil96.6Jamaica
85%
423,2104.3Portugal
79%
2,5 mil10.0Venezuela
79%
417,8303.0Ecuador
74%
875,4203.1Peru
74%
607,48058.8Trinidad and Tobago
64%
302,3003.1Sweden
60%
460,99014.9Panama
55%
520,7309.7Nicaragua
38%

Score Distribution

Percentile by Number Answered

Percent of People with Each Score

Your Score History

You have not taken this quiz